| 000 | 00410nam a2200169Ia 4500 | ||
|---|---|---|---|
| 008 | 230524s9999 xx 000 0 und d | ||
| 020 | _a8120308840 | ||
| 082 |
_a4.162 _bKRU |
||
| 100 |
_aRobert L.Kruse _94951 |
||
| 245 | 0 | _aData Structures and Programme Design | |
| 250 | _a3RD | ||
| 260 |
_aNEW DELHI _bPHI _c1998 |
||
| 300 | _aXIV;689 | ||
| 500 | _aQuantity Number: 1 | ||
| 650 | _aComp-Sc | ||
| 942 | _cBK | ||
| 999 |
_c6969 _d6969 |
||